Mac OS X Codenames Quiz Stats

 Plays Quiz Updated Feb 4, 2020

     
Support Sporcle.
Go Orange.
Score 0/15 Timer 02:00
0 Plays Today
Version Codenames % Correct
Mac OS X 10.5Leopard
90.8%
Mac OS X 10.7Lion
89.8%
Mac OS X 10.4Tiger
88.8%
Mac OS X 10.6Snow Leopard
83.1%
OS X 10.8Mountain Lion
64.4%
Mac OS X 10.3Panther
63.1%
macOS 10.12Sierra
54.9%
OS X 10.10Yosemite
54.3%
Version Codenames % Correct
Mac OS X 10.2Jaguar
53.7%
Mac OS X 10.0Cheetah
51.6%
Mac OS X 10.1Puma
42.5%
OS X 10.11El Capitan
41.6%
macOS 10.13High Sierra
41.3%
macOS 10.14Mojave
40.8%
OS X 10.9Mavericks
38.7%

From the Vault

The 3rd Thing You Need to Know: TV Characters

by MrWhiplash

Because the 1st and 2nd things would be too easy.
Remove Ads.
Support Sporcle.
Get the best of Sporcle when you Go Orange. This ad-free experience offers more features, more stats, and more fun while also helping to support Sporcle. Thank you for becoming a member.

Show Comments

Extras

Top Quizzes Today


Score Distribution

Your Account Isn't Verified!

In order to create a playlist on Sporcle, you need to verify the email address you used during registration. Go to your Sporcle Settings to finish the process.

Report this User

Report this user for behavior that violates our Community Guidelines.

Details: